Red Hat Fedora and Enterprise Linux 4 bible
Αποθηκεύτηκε σε:
| Κύριος συγγραφέας: | |
|---|---|
| Μορφή: | Βιβλίο |
| Γλώσσα: | English |
| Δημοσίευση: |
Indianapolis, IN :
Wiley Pub.,
2005.
|
| Θέματα: | |
| Ετικέτες: |
Προσθήκη ετικέτας
Δεν υπάρχουν, Καταχωρήστε ετικέτα πρώτοι!
|
MARC
| LEADER | 00000cam a2200000 i 4500 | ||
|---|---|---|---|
| 001 | 1/32478 | ||
| 008 | 060719s2005 us | ||| |||| ||eng|| | ||
| 020 | |a 0764595768 | ||
| 035 | |l 10084688 | ||
| 040 | |a GR-MyUA |b gre |e AACR2 | ||
| 041 | 0 | |a eng | |
| 082 | 0 | |a 005.432 |2 (22) | |
| 100 | 1 | |a Negus, Chris, |d 1957- | |
| 245 | 1 | 0 | |a Red Hat Fedora and Enterprise Linux 4 bible / |c Christopher Negus. |
| 260 | |a Indianapolis, IN : |b Wiley Pub., |c 2005. | ||
| 300 | |a xxii, 1117 σ. : |b εικ. ; |c 23 εκ. + |e 3 οπτικοί δίσκοι λέιζερ (4 3/4 ιν.). | ||
| 504 | |a Περιέχει ευρετήριο. | ||
| 630 | 0 | 0 | |a Linux. |
| 650 | 0 | 0 | |a Operating systems (Computers) |
| 852 | |a INST |b SAMOS |e 20060719 |h 005.432 NEG |p 005300026477 |q 005300026477 |t BK |y 0 | ||
| 852 | |a INST |b SAMOS |e 20060719 |h 005.432 NEG |p 005300026474 |q 005300026474 |t BK |y 0 | ||
| 852 | |a INST |b SAMOS |e 20060719 |h 005.432 NEG |p 005300026475 |q 005300026475 |t BK |y 0 | ||
| 852 | |a INST |b SAMOS |e 20060719 |h 005.432 NEG |p 005300026476 |q 005300026476 |t BK |y 0 | ||
| 901 | |a BIBL3-2006-2 | ||
| 920 | |a ΑΝΑΜΟΡΦΩΣΗ |b ΕΠΕΑΕΚ ΙΙ-ΜΑΘ |y Σάμος |z 2006-06 | ||
| 970 | |a ΜΑΛΑΓΑΡΗ |b ΦΩΤΕΙΝΗ |z 2006/07/19 | ||